| 000 | 01120nam a2200229Ii 4500 | ||
|---|---|---|---|
| 003 | JO-AjNU | ||
| 005 | 20240113145730.0 | ||
| 008 | 230605s9999||||xx |||||||||||||| ||und|| | ||
| 017 | _a2015/11/5384 | ||
| 040 |
_aJO-AjNU _bara _erda _cJO-AjNU |
||
| 041 | _aara | ||
| 050 | 1 | 4 | _aJX1280 2015 |
| 100 | 3 |
_aتحرير العيسى، طلال, _eauthor _951773 |
|
| 245 | 0 | 0 | _aواقع وتفعيل القانون الدولي في زمن الحرب والسلم: وقائع المؤتمر العلمي المحكم الثالث لكلية الحقوق جامعة عجلون الوطنية/الاردن 24-25 /11/ 2015=Effective nes of reality of information law with the war and peace in the time Proc. Of the third refereed scientific conference of faculty of law Ajlon,24-25-November -2015 Jordan |
| 264 | 3 | 1 | _aعجلون: جامعة عجلون الوطنية، 2105 |
| 300 | _a662ص | ||
| 336 |
_atext _btxt _2rdacontent |
||
| 337 |
_aunmediated _bn _2rdamedia |
||
| 338 |
_avolume _bnc _2rdacarrier |
||
| 650 | 4 |
_aالقانون الدولي - العلاقات الدولية - مؤتمرات _951774 |
|
| 942 |
_2lcc _cBK |
||
| 999 |
_c26463 _d26463 |
||